00911nam a2200217 i 450000100060000000300090000600700030001500800410001810000230005924502020008226000410028430000450032549000360037070000230040670000250042970000270045483000440048185200310052599900170055695201200057386099ES-MaACLt|041207s1953 ne ||||1| fre d1 aKerkhof, F.96790410aTélévision b: une introduction aux principes physiques et techniques de la télévisión / cpar F. Kerkhof et W. Werner ; avec un avant-propos de G.A. Boutry ; [traduit par J.F. Marchand]. a[Eindhoven : bN.V. Philips, c1953] aXV, 476 p., 10 lám. : bil. ; c23 cm.1 aBibliothèque techique Philips1 aWerner, W.91165091 aBoutry, G. A.9310671 aMarchand, J. F.9764100 aBibliothèque techique Philips9231740 aES-MaACLjC-9070 bR.37239 c86099d86099 00104070aATENEOMbATENEOMcSPALd2008-01-17eSCl0oC-9070p1089966r2023-02-23 00:00:00w2023-02-23yMONOGRAFIA